Sports Quiz

Random Sports or Soccer Quiz

EPL Clubs, Managers, Captains & Top Scorers (2014-15) Quiz Stats

 Plays Quiz Updated Sep 8, 2015

Challenge
Share
Tweet
Embed
Score 0/80 Timer 10:00
18 Plays Today
Hint Answer % Correct
Team4th Manchester United (70) CLQ
97.4%
Team1st Chelsea (87 pts) CL
97.2%
Team3rd Arsenal (75) CL
97%
Team2nd Manchester City (79) CL
96.9%
Team6th Liverpool (62) EL
94.1%
Team5th Tottenham Hotspur (64) EL
94%
Team11th Everton (47)
89.1%
Manager/sArsène Wenger
88.5%
Club CaptainWayne Rooney
88.4%
Top ScorerWayne Rooney (12)
88.4%
Team7th Southampton (60) EL
88%
Manager/sJosé Mourinho
87.5%
Team15th Newcastle United (39)
86.9%
Team12th West Ham United (47) EL
86.3%
Club CaptainJohn Terry
86.1%
Team16th Sunderland (38)
85%
Manager/sLouis van Gaal
84.2%
Team17th Aston Villa (38)
83.6%
Top ScorerSergio Agüero (26)
83.5%
Top ScorerDiego Costa (20)
82.7%
Team13th West Bromwich Albion (44)
81.8%
Team9th Stoke City (54)
81%
Club CaptainVincent Kompany
79.1%
Team8th Swansea City (56)
79.1%
Top ScorerHarry Kane (21)
79%
Team10th Crystal Palace (48)
78.5%
Top ScorerGraziano Pellè (12)
78.4%
Manager/sBrendan Rodgers
77.1%
Team14th Leicester City (41)
76.4%
Team20th Queens Park Rangers (30) R
76.3%
Club CaptainSteven Gerrard
76.1%
Top ScorerSteven Gerrard (9)
76.1%
Manager/sManuel Pellegrini
74.7%
Team19th Burnley (33) R
73.5%
Top ScorerAlexis Sánchez (16)
73.5%
Team18th Hull City (35) R
73.3%
Manager/sRoberto Martínez
65.9%
Manager/sMauricio Pochettino
64.8%
Manager/sAlan Pardew, John Carver
64.6%
Manager/sNeil Warnock, Alan Pardew
64.2%
Hint Answer % Correct
Manager/sRonald Koeman
63%
Top ScorerRomelu Lukaku (11)
62.3%
Manager/sMark Hughes
59.4%
Manager/sAlan Irvine, Tony Pulis
58.8%
Manager/sSam Allardyce
58.4%
Manager/sHarry Redknapp, Chris Ramsey
55.4%
Manager/sPaul Lambert, Tim Sherwood
54.8%
Top ScorerChristian Benteke (13)
52.5%
Manager/sGarry Monk
52.3%
Club CaptainMikel Arteta
50.4%
Manager/sSteve Bruce
50.3%
Club CaptainPhil Jagielka
47.7%
Manager/sGus Poyet, Dick Advocaat
47.2%
Manager/sSean Dyche
46.5%
Top ScorerCharlie Austin (18)
45.5%
Manager/sNigel Pearson
45.4%
Top ScorerWilfried Bony (9)
44.8%
Club CaptainAshley Williams
41.2%
Top ScorerDanny Ings (11)
40%
Club CaptainRyan Shawcross
38.7%
Club CaptainKelvin Davis, José Fonte
37.3%
Top ScorerPapiss Cissé (11)
36.9%
Top ScorerSaido Berahino (14)
36.2%
Club CaptainChris Brunt, Darren Fletcher
35.9%
Top ScorerLeonardo Ulloa (11)
35.9%
Club CaptainKevin Nolan
35.8%
Club CaptainWes Morgan
35.5%
Top ScorerS. Fletcher & C. Wickham (5)
35.1%
Club CaptainFabricio Coloccini
30%
Club CaptainRon Vlaar, Fabian Delph
28.7%
Club CaptainJohn O'Shea
28%
Top ScorerDiafra Sakho (10)
28%
Club CaptainMile Jedinak
27.4%
Top ScorerMame Biram Diouf (12)
27.1%
Club CaptainYounès Kaboul
24%
Club CaptainClint Hill
22.3%
Top ScorerNikica Jelavić (8)
20.6%
Top ScorerGlenn Murray (7)
19%
Club CaptainCurtis Davies
17%
Club CaptainJason Shackell
10.1%

You're not logged in!

Compare scores with friends on all Sporcle quizzes.
Join for Free
OR
Log In

You Might Also Like...

Show Comments

Extras

Top Quizzes Today


Score Distribution

Your Account Isn't Verified!

In order to create a playlist on Sporcle, you need to verify the email address you used during registration. Go to your Sporcle Settings to finish the process.

Report this User

Report this user for behavior that violates our Community Guidelines.

Details: